000 00981nam a22002297a 4500
999 _c2394
_d2394
003 AR-CdUCM
008 190304b ||||| |||| 00| 0 spa d
020 _a9972-755-81-9
040 _aMUNICIPALIDAD PROVINCIAL DEL CUSCO
_cBIBLIOTECA MUNICIPAL DEL CUSCO
082 _a 328.3658 /
_bM41
110 _aCongreso de la reublica
_98596
245 _aMemoria de la comisión de justicia legislatura 2000-2001 /
260 _aLima :
_bEdiciones del Congreso del Perú,
_c2001.
300 _a272 páginas ;
_c25 cm.
505 _aContenido: Sesiones ordinarias y extraordinarias realizadas por la comisión de justicia -- Control administrativo de la comisión de justicia -- Control político -- Estadística de proyectos de ley -- proyectos de ley aprobados -- Estadisticasde leyes publicadas ...
650 _aCongreso del Perú
_98597
650 _aDictamenes de leyes
_98598
650 _aMemorias
_9235
650 _aLegislación
_92962
942 _2ddc
_cLIBROS
945 _azta